| Поле | Название | Значение |
| |
Тип записи |
c |
| |
Библиографический уровень |
m |
| 001 |
Контрольный номер |
RU/УОНБ/EK_N/543418633 |
| 005 |
Дата корректировки |
20250214173208.9 |
| 010 |
Индекс ISBN |
__ |
| 9 |
Тираж |
20000 экз. |
| 013 |
Номер (ISMN) |
__ |
| d |
Цена |
2 р. |
| 071 |
Издательские номер (звукозапись и ноты) |
21 |
| a |
Номер, присвоенный агентством |
9518 |
| 100 |
Данные общей обработки |
__ |
| a |
Данные общей обработки |
20170321d1991 u y0rusy0189||||ca |
| 101 |
Язык документа |
0_ |
| a |
Язык текста |
rus |
| f |
Язык титульного листа |
rus |
| 102 |
Страна публикации |
__ |
| a |
Страна публикации |
RU |
| 105 |
Кодированные данные (монография) |
__ |
| a |
Кодированные данные (монография) |
y###||||000|y |
| 125 |
Кодированные данные звукозаписи и нотных изданий |
__ |
| a |
Форма изложения нотного текста |
с| |
| 128 |
Кодированные данные (звукозаписи-физические характеристики) |
__ |
| a |
Кодированные данные: Музыкальная форма и тональность или лад |
zz |
| c |
Инструменты или голоса, рекомендуемые для солистов (устаревшее) |
kt|| |
| 200 |
Заглавие и сведения об ответственности |
1_ |
| a |
Заглавие |
Вып. 11 |
| f |
Первые сведения об ответственности |
сост. И. Лунин |
| 210 |
Выходные данные |
1_ |
| d |
Дата издания |
1991 |
| 215 |
Физическое описание |
__ |
| a |
Объем |
64 с. |
| 327 |
Примечание о содержании |
11 |
| a |
Примечание о содержании |
Содерж. : Фиготин Б. Победа, Победа / сл. Ф. Лаубе. - Муз. неизв. авт. Огонёк / сл. М. Исаковского. - Фельцман О. Ради матушки-земли / сл. М. Рябинина. - Чекалов П. Признание : из кф. "Верность" / сл. Л. Дербенева ; Душе отогреться дано / сл. В. Татаринова. - Паулс Р. Я улыбаюсь / сл. А. Вознесенского. - Тухманов Д. Страдание / сл. В. Харитонова ; Семейный альбом / сл. М. Танича. - Мартынов Е. Марьина роща / сл. И. Резника. - Птичкин Е. Дом на колесах / сл. М. Пляцковского. - Крылатов Е. Люблю тебя / сл. Р. Рождественского. - Добрынин В. Не сыпь мне соль на рану ; Колодец / сл. С. Осиашвили ; Было бы здоровье / сл. М. Рябинина. - Морозов А. Белые ставни / сл. А. Поперечного ; На соседней улице / сл. Д. Демина. - Лоза Ю. Плот / сл. Ю. Лозы. - Кельми К. Замыкая круг / сл. М. Пушкиной. - Козин В. Осень / сл. В. Козина и Е. Белогорской. - Семенов В. Буланый / сл. Н. Шумакова. - Лунев А. Перекати-поле / сл. Л. Козловой. - Крылатов Е. Школьный романс / сл. Н. Просторовой. - Азнавур Ш. Дни счастья / сл. Ш. Азнавура ; рус. текст В. Татаринова. - Русские народные песни : Дубинушка ; Ах вы, сени, мои сени ; Ты взойди, солнце красное ; Во горнице, во новой ; Пряха ; Ах ты, ноченька. - Пчелочка златая : рус. нар. песня / сл. Г. Державина. - Пошла млада за водой : рус. нар. песня / обраб. Ю. Соловьева. - Гусев В. Лирический танец. - Накапкин В. На опушке леса : вальс. |
| 461 |
Уровень набора |
_0 |
| 1 |
|
001RU/УОНБ/EK_N/542810640 |
| 1 |
|
200 |
| a |
|
За околицей села |
| b |
|
Ноты |
| e |
|
попул. музыка для баяна или аккордеона [с надпис. текстом] |
| v |
|
Вып. 11 |
| 1 |
|
210 |
| a |
|
М. |
| c |
|
Советский композитор |
| d |
|
1991 |
| 464 |
Аналитический уровень |
_0 |
| 1 |
|
2001 |
| a |
|
Победа, Победа |
| e |
|
Была весна, была шальная ночь... |
| 1 |
|
700 1 |
| a |
|
Фиготин |
| b |
|
Б. |
| 1 |
|
702 1 |
| a |
|
Лаубе |
| b |
|
Ф. |
| 4 |
|
520 |
| 464 |
Аналитический уровень |
_0 |
| 1 |
|
2001 |
| a |
|
Огонёк |
| e |
|
На позицию девушка... |
| 1 |
|
702 1 |
| a |
|
Исаковский |
| b |
|
М. |
| 4 |
|
520 |
| 464 |
Аналитический уровень |
_0 |
| 1 |
|
2001 |
| a |
|
Ради матушки-земли |
| e |
|
Когда на поле Куликово... |
| 1 |
|
700 1 |
| a |
|
Фельцман |
| b |
|
О. |
| 1 |
|
702 1 |
| a |
|
Рябинин |
| b |
|
М. |
| 4 |
|
520 |
| 464 |
Аналитический уровень |
_0 |
| 1 |
|
2001 |
| a |
|
Признание |
| e |
|
На катке и в кино... |
| e |
|
из кф "Верность" |
| 1 |
|
700 1 |
| a |
|
Чекалов |
| b |
|
П. |
| 1 |
|
702 1 |
| a |
|
Дербенев |
| b |
|
Л. |
| 4 |
|
520 |
| 1 |
|
50010 |
| a |
|
Верность |
| 464 |
Аналитический уровень |
_0 |
| 1 |
|
2001 |
| a |
|
Я улыбаюсь |
| e |
|
В Париже просчитали... |
| 1 |
|
700 1 |
| a |
|
Паулс |
| b |
|
Р. |
| 1 |
|
702 1 |
| a |
|
Вознесенский |
| b |
|
А. |
| 4 |
|
520 |
| 464 |
Аналитический уровень |
_0 |
| 1 |
|
2001 |
| a |
|
Страдание |
| e |
|
А почему так ветер лют... |
| 1 |
|
700 1 |
| a |
|
Тухманов |
| b |
|
Д. |
| 1 |
|
702 1 |
| a |
|
Харитонов |
| b |
|
В. |
| 4 |
|
520 |
| 464 |
Аналитический уровень |
_0 |
| 1 |
|
2001 |
| a |
|
Марьина роща |
| e |
|
В Марьиной роще деревьев немного... |
| 1 |
|
700 1 |
| a |
|
Мартынов |
| b |
|
Е. |
| 1 |
|
702 1 |
| a |
|
Резник |
| b |
|
И. |
| 4 |
|
520 |
| 464 |
Аналитический уровень |
_0 |
| 1 |
|
2001 |
| a |
|
Дом на колесах |
| e |
|
Светит сквозь тучи... |
| 1 |
|
700 1 |
| a |
|
Птичкин |
| b |
|
Е. |
| 1 |
|
702 1 |
| a |
|
Пляцковский |
| b |
|
М. |
| 4 |
|
520 |
| 464 |
Аналитический уровень |
_0 |
| 1 |
|
2001 |
| a |
|
Люблю тебя |
| e |
|
Лишь тебя одну... |
| 1 |
|
700 1 |
| a |
|
Крылатов |
| b |
|
Е. |
| 1 |
|
702 1 |
| a |
|
Рождественский |
| b |
|
Р. |
| 4 |
|
520 |
| 464 |
Аналитический уровень |
_0 |
| 1 |
|
2001 |
| a |
|
Не сыпь мне соль на рану |
| e |
|
Ну почему меня не лечит время... |
| 1 |
|
700 1 |
| a |
|
Добрынин |
| b |
|
В. |
| 1 |
|
702 1 |
| a |
|
Осиашвили |
| b |
|
С. |
| 4 |
|
520 |
| 464 |
Аналитический уровень |
_0 |
| 1 |
|
2001 |
| a |
|
Белые ставни |
| e |
|
Вспыхнет зарницею... |
| 1 |
|
700 1 |
| a |
|
Морозов |
| b |
|
А. |
| 1 |
|
702 1 |
| a |
|
Поперечный |
| b |
|
А. |
| 4 |
|
520 |
| 464 |
Аналитический уровень |
_0 |
| 1 |
|
2001 |
| a |
|
Плот |
| e |
|
На маленьком плоту... |
| 1 |
|
700 1 |
| a |
|
Лоза |
| b |
|
Ю. |
| 1 |
|
702 1 |
| a |
|
Лоза |
| b |
|
Ю. |
| 4 |
|
520 |
| 464 |
Аналитический уровень |
_0 |
| 1 |
|
2001 |
| a |
|
Замыкая круг |
| e |
|
Вот одна из тех историй... |
| 1 |
|
700 1 |
| a |
|
Кельми |
| b |
|
К. |
| 1 |
|
702 1 |
| a |
|
Пушкина |
| b |
|
М. |
| 4 |
|
520 |
| 464 |
Аналитический уровень |
_0 |
| 1 |
|
2001 |
| a |
|
Осень |
| e |
|
Осень, прозрачное утро... |
| 1 |
|
700 1 |
| a |
|
Козин |
| b |
|
В. |
| 1 |
|
702 1 |
| a |
|
Козин |
| b |
|
В. |
| 4 |
|
520 |
| 1 |
|
702 1 |
| a |
|
Белогорская |
| b |
|
Е. |
| 4 |
|
520 |
| 464 |
Аналитический уровень |
_0 |
| 1 |
|
2001 |
| a |
|
Буланый |
| e |
|
Я иду по полю... |
| 1 |
|
700 1 |
| a |
|
Семенов |
| b |
|
В. |
| 1 |
|
702 1 |
| a |
|
Шумаков |
| b |
|
Н. |
| 4 |
|
520 |
| 464 |
Аналитический уровень |
_0 |
| 1 |
|
2001 |
| a |
|
Перекати-поле |
| e |
|
По полю, по полю, по полю... |
| 1 |
|
700 1 |
| a |
|
Лунев |
| b |
|
А. |
| 1 |
|
702 1 |
| a |
|
Козлова |
| b |
|
Л. |
| 4 |
|
520 |
| 464 |
Аналитический уровень |
_0 |
| 1 |
|
2001 |
| a |
|
Школьный романс |
| e |
|
Ресницы грустно опуская... |
| 1 |
|
700 1 |
| a |
|
Крылатов |
| b |
|
Е. |
| 1 |
|
702 1 |
| a |
|
Просторова |
| b |
|
Н. |
| 4 |
|
520 |
| 464 |
Аналитический уровень |
_0 |
| 1 |
|
2001 |
| a |
|
Дни счастья |
| e |
|
В час, когда весь мир... |
| 1 |
|
700 1 |
| a |
|
Азнавур |
| b |
|
Ш. |
| 1 |
|
702 1 |
| a |
|
Азнавур |
| b |
|
Ш. |
| 4 |
|
520 |
| 1 |
|
702 1 |
| a |
|
Татаринов |
| b |
|
В. |
| 4 |
|
730 |
| 464 |
Аналитический уровень |
_0 |
| 1 |
|
2001 |
| a |
|
Дубинушка |
| e |
|
Много песен слыхал я... |
| e |
|
рус. нар. песня |
| 464 |
Аналитический уровень |
_0 |
| 1 |
|
2001 |
| a |
|
Пчелочка златая |
| e |
|
Пчелочка златая, что же ты журжишь... |
| e |
|
рус. нар. песня |
| 1 |
|
702 1 |
| a |
|
Державин |
| b |
|
Г. |
| 4 |
|
520 |
| 464 |
Аналитический уровень |
_0 |
| 1 |
|
2001 |
| a |
|
Пошла млада за водой |
| e |
|
Пошла млада за водой |
| e |
|
рус. нар. песня |
| 1 |
|
702 1 |
| a |
|
Соловьев |
| b |
|
Ю. |
| 4 |
|
030 |
| 464 |
Аналитический уровень |
_0 |
| 1 |
|
2001 |
| a |
|
Лирический танец |
| 1 |
|
700 1 |
| a |
|
Гусев |
| b |
|
В. |
| 464 |
Аналитический уровень |
_0 |
| 1 |
|
2001 |
| a |
|
На опушке леса |
| e |
|
вальс |
| 1 |
|
700 1 |
| a |
|
Накапкин |
| b |
|
В. |
| 464 |
Аналитический уровень |
_0 |
| 1 |
|
2001 |
| a |
|
Душе отогреться дано |
| e |
|
Холодное небо летит... |
| 1 |
|
700 1 |
| a |
|
Чекалов |
| b |
|
П. |
| 1 |
|
702 1 |
| a |
|
Татаринов |
| b |
|
В. |
| 4 |
|
520 |
| 464 |
Аналитический уровень |
_0 |
| 1 |
|
2001 |
| a |
|
Семейный альбом |
| e |
|
Ах, чего только не было с нами... |
| 1 |
|
700 1 |
| a |
|
Тухманов |
| b |
|
Д. |
| 1 |
|
702 1 |
| a |
|
Танич |
| b |
|
М. |
| 4 |
|
520 |
| 464 |
Аналитический уровень |
_0 |
| 1 |
|
2001 |
| a |
|
Колодец |
| e |
|
За дорогой кольцевой... |
| 1 |
|
700 1 |
| a |
|
Добрынин |
| b |
|
В. |
| 1 |
|
702 1 |
| a |
|
Осиашвили |
| b |
|
С. |
| 4 |
|
520 |
| 464 |
Аналитический уровень |
_0 |
| 1 |
|
2001 |
| a |
|
Было бы здоровье |
| e |
|
На Кавказе целый месяц... |
| 1 |
|
700 1 |
| a |
|
Добрынин |
| b |
|
В. |
| 1 |
|
702 1 |
| a |
|
Рябинин |
| b |
|
М. |
| 4 |
|
520 |
| 464 |
Аналитический уровень |
_0 |
| 1 |
|
2001 |
| a |
|
На соседней улице |
| e |
|
Утро, вечер, день и ночь... |
| 1 |
|
700 1 |
| a |
|
Морозов |
| b |
|
А. |
| 1 |
|
702 1 |
| a |
|
Демин |
| b |
|
Д. |
| 4 |
|
520 |
| 464 |
Аналитический уровень |
_0 |
| 1 |
|
2001 |
| a |
|
Ах вы, сени, мои сени |
| e |
|
Ах вы, сени, мои сени... |
| e |
|
рус. нар. песня |
| 464 |
Аналитический уровень |
_0 |
| 1 |
|
2001 |
| a |
|
Ты взойди, солнце красное |
| e |
|
Ты взойди, солнце кра... |
| e |
|
рус. нар. песня |
| 464 |
Аналитический уровень |
_0 |
| 1 |
|
2001 |
| a |
|
Во горнице, во новой |
| e |
|
Во горнице, во новой... |
| e |
|
рус. нар. песня |
| 464 |
Аналитический уровень |
_0 |
| 1 |
|
2001 |
| a |
|
Пряха |
| e |
|
В низенькой светелке огонек горит... |
| e |
|
рус. нар. песня |
| 464 |
Аналитический уровень |
_0 |
| 1 |
|
2001 |
| a |
|
Ах ты, ноченька |
| e |
|
Ах ты, ноченька... |
| e |
|
рус. нар. песня |
| 512 |
Заглавие обложки |
1_ |
| a |
Заглавие обложки |
За околицей села |
| 606 |
Тематические рубрики |
0_ |
| a |
Основная рубрика |
Баян |
| x |
Основная подрубрика |
Популярная музыка |
| 606 |
Тематические рубрики |
0_ |
| a |
Основная рубрика |
Аккордеон |
| x |
Основная подрубрика |
Популярная музыка |
| 610 |
Ключевые слова |
0_ |
| a |
Ключевые слова |
баян |
| 610 |
Ключевые слова |
0_ |
| a |
Ключевые слова |
аккордеон |
| 610 |
Ключевые слова |
0_ |
| a |
Ключевые слова |
популярная музыка |
| 686 |
Индексы других классификаций |
__ |
| a |
Классификационный индекс |
85.954.6-09я43 |
| a |
Классификационный индекс |
85.954.7-09я43 |
| 2 |
Код системы |
rubbk |
| 702 |
Вторичная интеллектуальная ответственность |
_1 |
| a |
Фамилия |
Лунин |
| b |
Имя (инициалы) |
И. |
| 4 |
Код отношения |
220 |
| 801 |
Источник записи |
_0 |
| a |
Страна |
RU |
| b |
Организация |
Ульяновская ОНБ |
| c |
Дата составления |
20170321 |
| g |
Правила каталогизации |
RCR |
| 801 |
Источник записи |
_1 |
| a |
Страна |
RU |
| b |
Организация |
Ульяновская ОНБ |
| c |
Дата составления |
20170321 |
| g |
Правила каталогизации |
RCR |
| 901 |
Тип документа |
__ |
| t |
Тип документа |
n |
| w |
Контрольный № источника |
RU/УОНБ/EK_N/542810640 |
| 909 |
Создатель записи |
__ |
| a |
Создатель записи |
Лобина Л. И. |
| 910 |
Корректоры записи |
__ |
| a |
Корректор записи |
Васина |
| 938 |
Служебная информация |
__ |
| a |
Имя БД |
noti |
| b |
Имя библиотеки |
УОНБ |
| c |
Имя АИБС |
МАРК-SQL |
| d |
Номер DOC_ID в БД |
16061 |